000 00635nam a2200205Ia 4500
003 IN-BaIIA
008 211028s9999 xx 000 0 eng d
040 _cIIA Library
080 _a083.7:696.142/143
_bISI
110 _aIndian Standards Institution
245 0 _aIndian standard specification for non-ferrous waste fittings for wash-basins and sinks
_cIndian Standards Institution
260 _aNew Delhi
_bIndian Standards Institution
_c1965
300 _a7p.
500 _aIS 2963 : 1964
650 _a Sinks 
_98833
650 _a Standards 
650 _a Wash-Basins
_98834
650 _aNASA Thesaurus 
942 _cBK
999 _c4933
_d4933